000 00804cam a2200253 4500
001 3150584
005 20170105102346.0
008 740521m19741976nyua 001 0 eng
010 _a 74009846
020 _a0471491101 (v. 1)
040 _aDLC
_cDLC
_dDLC
050 0 0 _aT57.9
_b.K6
082 0 0 _a519.82
100 1 _aKleinrock, Leonard.
245 1 0 _aQueueing systems Vol 1: Theory
_cLeonard Kleinrock
260 _aNew York,
_bWiley
_c[1975-1976]
300 _axviii, 417p. :
_billus.
_c24 cm.
500 _a"A Wiley-Interscience publication."
505 0 _av. 1. Theory.--v. 2. Computer applications.
650 0 _aQueuing theory.
856 4 _3Table of Contents
_uhttp://www.loc.gov/catdir/toc/onix05/74009846.html
906 _a7
_bcbc
_corignew
_d1
_eocip
_f19
_gy-gencatlg
942 _2ddc
_cBK
999 _c11720
_d11720